[Event "XVII Profigaia Open 2017"]
[Site "Gaia"]
[Date "2017.06.15"]
[Round "2"]
[White "Araujo, Jose Verissimo"]
[Black "Alves, Damiao Fernando"]
[Result "1/2-1/2"]
[WhiteElo "1809"]
[BlackElo "1368"]
[Annotator "NA"]
[PlyCount "63"]
[EventDate "2017.??.??"]
[EventType "swiss"]
[EventCountry "POR"]
[SourceTitle "playchess.com"]
[Source "ChessBase"]
[SourceQuality "1"]
[TimeControl "5400+30"]

1. Nf3 {[%emt 0:05:05]} Nf6 {[%emt 0:02:00]} 2. g3 {[%emt 0:01:02]} b6 {[%emt 0:01:20]} 3. Bg2 {[%emt 0:00:13]} Bb7 {[%emt 0:00:06]} 4. O-O {[%emt 0:00:23]} e6 {[%emt 0:00:12]} 5. d4 {[%emt 0:01:25]} c5 {[%emt 0:01:45]} 6. c4 {[%emt 0:02:21] LiveBook: 489 Games} cxd4 {[%emt 0:02:36]} 7. Nxd4 {[%emt 0:02:37]} Bxg2 {[%emt 0:00:21]} 8. Kxg2 {[%emt 0:00:07]} Nc6 {[%emt 0:03:30]} 9. Nxc6 $11 {[%emt 0:01:55]} dxc6 {[%emt 0:00:10]} 10. Qa4 {[%emt 0:00:44]} Qc7 {[%emt 0:01:46]} 11. Bf4 {[%emt 0:01:16]} Bd6 {[%emt 0:02:42]} 12. Bxd6 {[%emt 0:02:41]} Qxd6 {[%emt 0:00:08]} 13. Rd1 {[%emt 0:00:18]} Qc7 {[%emt 0:01:05]} 14. Nc3 {[%emt 0:00:30]} O-O {[%emt 0:00:37]} 15. Rd2 {[%emt 0:02:56]} Rfd8 {[%emt 0:02:05]} 16. Rad1 {[%emt 0:00:21]} Rd7 {[%emt 0:00:44]} 17. Rxd7 {[%emt 0:01:55]} Nxd7 {[%emt 0:00:09]} 18. Ne4 {[%emt 0:01:17]} h6 {[%emt 0:07:08]} 19. Qa3 {[%emt 0:04:26]} c5 {[%emt 0:02:50]} 20. Qf3 {[%emt 0:04:18]} Rf8 {[%emt 0:07:02]} 21. b3 {[%emt 0:09:05]} Ne5 {[%emt 0:03:34]} 22. Qf4 {[%emt 0:02:15]} Qb8 {[%emt 0:00:20]} 23. Rd6 {[%emt 0:07:26]} Ng6 {[%emt 0:01:56]} 24. Qd2 {[%emt 0:01:25]} Ne7 {[%emt 0:06:12]} 25. e3 {[%emt 0:06:16]} Qa8 {[%emt 0:01:25]} 26. f3 {[%emt 0:00:55]} Nc6 {[%emt 0:01:34]} 27. Nc3 {[%emt 0:07:27]} Rd8 {[%emt 0:01:06]} 28. Rxd8+ {[%emt 0:01:18]} Qxd8 {[%emt 0:00:09]} 29. Qxd8+ {[%emt 0:01:03]} Nxd8 {[%emt 0:00:08]} 30. Kf2 {[%emt 0:00:46]} Nc6 {[%emt 0:00:45]} 31. Ke2 {[%emt 0:01:02]} Kf8 32. Kd2 1/2-1/2

[Event "XVII Profigaia Open 2017"]
[Site "Gaia"]
[Date "2017.06.15"]
[Round "2"]
[White "Areal, Pedro"]
[Black "Marrios, Ruben"]
[Result "1-0"]
[WhiteElo "1771"]
[BlackElo "1315"]
[Annotator "NA"]
[PlyCount "105"]
[EventDate "2017.??.??"]
[EventType "swiss"]
[EventCountry "POR"]
[SourceTitle "playchess.com"]
[Source "ChessBase"]
[SourceQuality "1"]
[TimeControl "5400+30"]

1. d4 d5 {[%emt 0:01:58]} 2. Bg5 {[%emt 0:08:04]} h6 {[%emt 0:02:19]} 3. Bh4 g5 4. Bg3 {[%emt 0:06:30]} Bg7 {[%emt 0:00:53]} 5. e3 {[%emt 0:00:30]} Nf6 {[%emt 0:00:30]} 6. c4 {[%emt 0:00:30]} e6 {[%emt 0:03:41]} 7. Nc3 {[%emt 0:07:39]} Nc6 8. Nb5 {[%emt 0:03:44]} O-O {[%emt 0:04:30]} 9. Nxc7 {[%emt 0:02:43]} Rb8 {[%emt 0:01:08]} 10. Nb5 Ra8 {[%emt 0:00:14]} 11. Rc1 {[%emt 0:02:31]} a6 {[%emt 0:01:13]} 12. Nc3 {[%emt 0:01:03]} Re8 {[%emt 0:01:59]} 13. cxd5 {[%emt 0:04:42]} exd5 {[%emt 0:00:30]} 14. Bd3 {[%emt 0:01:13]} Be6 {[%emt 0:04:33]} 15. Nf3 {[%emt 0:09:53]} Bg4 {[%emt 0:04:05]} 16. O-O {[%emt 0:06:37]} Ne4 {[%emt 0:08:56]} 17. Be2 {[%emt 0:04:31]} Bf5 {[%emt 0:08:27]} 18. Nxe4 {[%emt 0:05:11]} Bxe4 {[%emt 0:01:13]} 19. a3 {[%emt 0:02:49]} Qe7 {[%emt 0:04:30]} 20. Bd3 {[%emt 0:03:42]} f5 {[%emt 0:04:09]} 21. Be5 {[%emt 0:04:58]} g4 {[%emt 0:18:54]} 22. Bxg7 {[%emt 0:01:29]} Kxg7 {[%emt 0:01:57]} 23. Bxe4 {[%emt 0:02:41]} Qxe4 {[%emt 0:03:19]} 24. Nd2 {[%emt 0:02:20]} Qe6 {[%emt 0:00:40]} 25. Rc5 {[%emt 0:01:41]} h5 {[%emt 0:01:34]} 26. Qb3 {[%emt 0:01:04]} Ne7 {[%emt 0:02:58]} 27. Rc7 {[%emt 0:03:48]} b5 {[%emt 0:01:53]} 28. Rfc1 {[%emt 0:01:52]} Rec8 {[%emt 0:01:11]} 29. Qb4 {[%emt 0:00:47]} Kf6 {[%emt 0:02:50]} 30. g3 {[%emt 0:05:36]} Rxc7 {[%emt 0:01:58]} 31. Rxc7 {[%emt 0:00:01]} Rc8 {[%emt 0:00:16]} 32. Qc5 {[%emt 0:00:32]} Rxc7 {[%emt 0:01:47]} 33. Qxc7 {[%emt 0:00:01]} Kf7 {[%emt 0:00:19]} 34. Nb3 {[%emt 0:01:50]} Qe4 {[%emt 0:01:06]} 35. Qc1 {[%emt 0:00:03]} Qe6 {[%emt 0:01:08]} 36. Nc5 {[%emt 0:00:14]} Qc6 {[%emt 0:00:27]} 37. Qc3 {[%emt 0:00:09]} Ng6 {[%emt 0:00:51]} 38. Qa5 {[%emt 0:00:07]} Ne7 {[%emt 0:01:07]} 39. Qxa6 {[%emt 0:00:07]} Qxa6 {[%emt 0:00:13]} 40. Nxa6 {[%emt 0:00:10]} Ke6 {[%emt 0:00:00]} 41. Nc7+ {[%emt 0:00:19]} Kd6 {[%emt 0:00:10]} 42. Nxb5+ {[%emt 0:00:05]} Kc6 {[%emt 0:00:15]} 43. Nc3 {[%emt 0:00:26]} Ng6 {[%emt 0:00:14]} 44. Kg2 {[%emt 0:00:11]} h4 {[%emt 0:00:45]} 45. gxh4 {[%emt 0:01:04]} Nxh4+ {[%emt 0:00:07]} 46. Kg3 {[%emt 0:00:14]} Ng6 {[%emt 0:00:46]} 47. b4 {[%emt 0:00:15]} Ne7 {[%emt 0:00:35]} 48. Kf4 {[%emt 0:00:41]} Kd6 {[%emt 0:00:31]} 49. a4 {[%emt 0:01:29]} Ke6 {[%emt 0:00:22]} 50. b5 {[%emt 0:00:24]} Ng6+ {[%emt 0:00:29]} 51. Kg5 {[%emt 0:00:42]} Ne7 {[%emt 0:00:32]} 52. a5 {[%emt 0:00:21]} Kd6 {[%emt 0:00:15]} 53. Kf6 {[%emt 0:00:18]} 1-0

[Event "XVII Profigaia Open 2017"]
[Site "Gaia"]
[Date "2017.06.15"]
[Round "2"]
[White "Andrade, Ricardo Sarmento"]
[Black "Petkov, Vladimir"]
[Result "0-1"]
[WhiteElo "1754"]
[BlackElo "2484"]
[Annotator "TA"]
[PlyCount "58"]
[EventDate "2017.??.??"]
[EventType "swiss"]
[EventCountry "POR"]
[SourceTitle "playchess.com"]
[Source "ChessBase"]
[SourceQuality "1"]

{[%evp 9,58,-38,-37,-39,-11,-12,-14,-43,-39,-44,-44,-44,-43,-47,-31,-65,-64,-74,-64,-84,-68,-88,-90,-121,-124,-129,-132,-184,-176,-226,-215,-209,-217,-268,-281,-270,-279,-416,-402,-503,-479,-547,-554,-547,-542,-888,-888,-884,-878,-869,-866]} 1. Nf3 d5 2. c4 e6 3. b3 d4 4. e3 (4. g3 c5 5. Bg2 Nc6 6. O-O Nf6 7. e3 Be7 8. exd4 cxd4 9. d3 O-O 10. Re1 Ne8 11. a3 a5 12. Nbd2 f6 13. Rb1 e5 14. Nh4 Nc7 15. Qh5 Qe8 16. Qxe8 Rxe8 {½-½ (132) Topalov,V (2761)-Nakamura,H (2787) Leuven 2016}) 4... c5 5. exd4 cxd4 6. g3 {A13: English Opening: 1...e6} Ne7 $146 ({Predecessor:} 6... Nc6 7. Bg2 Nf6 8. O-O Be7 9. Re1 O-O 10. d3 Nd7 11. Na3 e5 12. Nc2 a5 13. Rb1 Rb8 14. a3 b5 15. Nh4 Na7 16. Nf5 Bf6 17. Nd6 Nc5 18. Nxc8 Qxc8 {½-½ (44) Sanal,V (2531)-Nabaty,T (2649) Budapest 2017}) 7. Bg2 Nec6 8. a3 {The position is equal.} a5 9. O-O Na6 10. d3 Be7 11. Re1 Nc5 12. Ne5 Nxe5 13. Rxe5 Qb6 14. Nd2 f6 15. Rxc5 Bxc5 16. f4 O-O 17. Rb1 Bd7 18. Nf3 (18. b4 $17 {was necessary.} axb4 19. axb4) 18... Qd6 $19 19. Ne1 Bc6 20. Bxc6 Qxc6 21. Nc2 e5 22. b4 axb4 23. Nxb4 (23. axb4 $142 Bd6 24. Rb2) 23... Bxb4 24. axb4 Ra2 {[%csl Ga2][%cal Rc6g2] [#] Black is clearly winning.} 25. Bb2 exf4 26. b5 Qe6 27. Bxd4 fxg3 28. hxg3 Rd8 29. Bf2 Qf5 {Precision: White = 58%, Black = 93%.} 0-1

[Event "XVII Profigaia Open 2017"]
[Site "Gaia"]
[Date "2017.06.15"]
[Round "2"]
[White "Pipiras, Filipa Fortuna"]
[Black "Margarido, Jose Miguel Teixeir"]
[Result "0-1"]
[WhiteElo "1641"]
[BlackElo "2038"]
[Annotator "NA"]
[PlyCount "104"]
[EventDate "2017.??.??"]
[EventType "swiss"]
[EventCountry "POR"]
[SourceTitle "playchess.com"]
[Source "ChessBase"]
[SourceQuality "1"]
[TimeControl "5400+30"]

1. d4 {[%emt 0:00:02]} Nf6 {[%emt 0:00:04]} 2. c4 {[%emt 0:00:10]} e6 {[%emt 0:00:01]} 3. Nf3 {[%emt 0:00:12]} Bb4+ {[%emt 0:00:02]} 4. Nbd2 {[%emt 0:00:21]} b6 {[%emt 0:02:50]} 5. e3 {[%emt 0:00:52]} Bb7 {[%emt 0:00:21]} 6. Be2 {[%emt 0:00:28]} O-O {[%emt 0:01:09]} 7. O-O {[%emt 0:00:26]} d5 {[%emt 0:02:38]} 8. Ne5 $146 {[%emt 0:04:27] E14: Queen's Indian: Classical Variation (4 e3)} ({Predecessor:} 8. a3 Bxd2 9. Nxd2 Nbd7 10. b4 c5 11. dxc5 bxc5 12. Bb2 Qe7 13. cxd5 Nxd5 14. b5 Rfd8 15. Qc2 N7b6 {½-½ (64) Vorontsov,P (2462)-Cori Tello,J (2645) Merida 2016}) 8... Bd6 {[%emt 0:05:53]} 9. Ndf3 {[%emt 0:02:06]} Qe7 {[%emt 0:09:10]} 10. Qc2 {[%emt 0:01:41]} c5 {[%emt 0:02:56]} 11. dxc5 {[%emt 0:03:16]} Bxc5 {[%emt 0:00:58]} 12. Nd2 {[%emt 0:00:49]} Rc8 {[%emt 0:05:28]} 13. Qd1 {[%emt 0:02:35]} Bd6 {[%emt 0:02:57]} 14. Nef3 {[%emt 0:00:51]} Rd8 {[%emt 0:05:05]} 15. b3 {[%emt 0:04:29]} Nc6 {[%emt 0:10:58]} 16. Bb2 {[%emt 0:02:02]} Rac8 {[%emt 0:00:37]} 17. Rc1 {[%emt 0:05:09]} e5 {[%emt 0:01:25]} 18. cxd5 {[%emt 0:02:19]} Nxd5 {[%emt 0:00:17]} 19. Bc4 {[%emt 0:00:59]} Ba3 {[%emt 0:16:00]} 20. Bxa3 {[%emt 0:02:42]} Qxa3 {[%emt 0:00:01]} 21. Bxd5 {[%emt 0:01:44]} Rxd5 {[%emt 0:00:04]} 22. Nc4 {[%emt 0:00:18]} Qc5 {[%emt 0:06:46]} 23. Qe2 {[%emt 0:00:56]} Qe7 {[%emt 0:03:05]} 24. Rfd1 {[%emt 0:00:30]} Rcd8 {[%emt 0:08:11]} 25. Rxd5 {[%emt 0:01:37]} Rxd5 {[%emt 0:00:01]} 26. Rd1 {[%emt 0:00:22]} Qd7 {[%emt 0:00:28]} 27. Rxd5 {[%emt 0:00:39]} Qxd5 {[%emt 0:00:01]} 28. Qd2 {[%emt 0:00:23]} Qxd2 {[%emt 0:00:27]} 29. Nfxd2 {[%emt 0:00:25]} f6 {[%emt 0:01:50]} 30. Kf1 {[%emt 0:01:16]} Kf8 {[%emt 0:02:39]} 31. Ke2 {[%emt 0:01:34]} Ke7 {[%emt 0:00:58]} 32. f3 {[%emt 0:02:31]} Ba6 {[%emt 0:01:04]} 33. a3 $2 {[%emt 0:03:04]} (33. e4 $15) 33... b5 {[%emt 0:01:13]} 34. Nxe5 {[%emt 0:06:53]} Nxe5 {[%emt 0:01:23]} 35. Kd1 {[%emt 0:00:15]} Bc8 {[%emt 0:01:06]} 36. e4 {[%emt 0:01:17]} Be6 {[%emt 0:00:43]} 37. Kc2 {[%emt 0:00:15]} Kd6 {[%emt 0:00:17]} 38. h3 {[%emt 0:00:24]} g5 {[%emt 0:00:35]} 39. h4 {[%emt 0:01:04]} gxh4 {[%emt 0:01:33]} 40. f4 {[%emt 0:00:13]} Nc6 {[%emt 0:00:10]} 41. Nf3 {[%emt 0:00:43]} h3 {[%emt 0:02:55]} 42. f5 {[%emt 0:00:23]} hxg2 {[%emt 0:00:45]} 43. fxe6 {[%emt 0:00:18] [#]} Nd4+ $19 {[%emt 0:00:06]} 44. Nxd4 {[%emt 0:00:17]} g1=Q {[%emt 0:00:08]} 45. Nxb5+ {[%emt 0:00:13]} Kxe6 {[%emt 0:00:11]} 46. Nc7+ {[%emt 0:00:12]} Kf7 {[%emt 0:00:14]} 47. Nd5 {[%emt 0:00:15]} h5 {[%emt 0:00:02]} 48. Nf4 {[%emt 0:00:16]} Qf2+ {[%emt 0:00:03]} 49. Kd3 {[%emt 0:00:08]} Qxf4 {[%emt 0:00:01]} 50. b4 {[%emt 0:00:06]} h4 {[%emt 0:00:04]} 51. b5 {[%emt 0:00:05]} h3 {[%emt 0:00:03]} 52. a4 {[%emt 0:00:07]} h2 {[%emt 0:00:02]} 0-1

[Event "XVII Profigaia Open 2017"]
[Site "Gaia"]
[Date "2017.06.15"]
[Round "2"]
[White "Brandao, Alvaro Sousa"]
[Black "Santos, Ricardo"]
[Result "0-1"]
[WhiteElo "1605"]
[BlackElo "2088"]
[Annotator "NA"]
[PlyCount "68"]
[EventDate "2017.??.??"]
[EventType "swiss"]
[EventCountry "POR"]
[SourceTitle "playchess.com"]
[Source "ChessBase"]
[SourceQuality "1"]
[TimeControl "5400+30"]

1. e4 {[%emt 0:00:00]} d6 {[%emt 0:00:00]} 2. Nf3 {[%emt 0:00:00]} Nf6 {[%emt 0:00:24]} 3. Nc3 {[%emt 0:00:30]} g6 {[%emt 0:00:30]} 4. d4 {[%emt 0:00:30]} Bg7 {[%emt 0:00:30]} 5. Be3 {[%emt 0:02:38]} O-O {[%emt 0:00:00]} 6. h3 {[%emt 0:00:31]} c6 {[%emt 0:00:36]} 7. Be2 {[%emt 0:00:16]} Nbd7 {[%emt 0:00:37]} 8. O-O {[%emt 0:06:02]} e5 {[%emt 0:00:09]} 9. dxe5 {[%emt 0:00:30]} dxe5 {[%emt 0:00:20]} 10. Qd2 Qe7 {B08: Pirc Defence: Classical System} 11. a3 {[%emt 0:16:51]} Nc5 {[%emt 0:01:21]} 12. Bd3 $146 {[%emt 0:00:07]} ({Predecessor:} 12. Ng5 Ne6 13. Nxe6 Bxe6 14. Rfd1 Rfd8 15. Qe1 Nd7 16. Rd2 Bf6 17. Rad1 Bg5 18. Bf1 Nb6 19. Bxg5 Qxg5 20. Qe3 Qe7 21. a4 Rxd2 22. Qxd2 Qb4 23. b3 {½-½ (23) Spassky,B (2605)-Pfleger,H (2505) Germany 1983}) 12... b6 {[%emt 0:19:11]} 13. Rfd1 {[%emt 0:04:40]} Rd8 {[%emt 0:07:34]} 14. Qe2 {[%emt 0:00:02]} Nh5 {[%emt 0:01:08]} 15. Rab1 {[%emt 0:19:20]} ({Better is} 15. Bc4 $11) 15... Nf4 {[%emt 0:02:29]} 16. Bxf4 {[%emt 0:00:17]} exf4 {[%emt 0:00:06]} 17. e5 {[%emt 0:02:44]} Nxd3 {[%emt 0:01:19]} 18. cxd3 {[%emt 0:00:47]} Bf5 {[%emt 0:00:15]} (18... c5 $1 $15) 19. Rbc1 {[%emt 0:06:21]} Rd7 {[%emt 0:04:32]} 20. d4 {[%emt 0:01:29]} Rad8 {[%emt 0:00:44]} 21. Qc4 {[%emt 0:07:42]} c5 {[%emt 0:02:00]} 22. dxc5 {[%emt 0:02:19]} Bd3 {[%emt 0:10:42] [#]} (22... Rxd1+ $11 23. Rxd1 Rxd1+ 24. Nxd1 Qxc5 25. Qxf4 Qc2) 23. Qxf4 {[%emt 0:02:45]} (23. Rxd3 $142 $1 Rxd3 24. c6) 23... bxc5 {[%emt 0:00:05]} 24. Re1 {[%emt 0:01:52]} Rb7 {[%emt 0:00:35]} 25. Ne4 {[%emt 0:06:22]} Bxe4 {[%emt 0:01:12]} 26. Rxe4 {[%emt 0:01:02]} Rxb2 {[%emt 0:00:21]} 27. Rec4 {[%emt 0:00:37]} Rc8 {[%emt 0:01:37]} 28. Qe3 {[%emt 0:02:54]} Bf8 {[%emt 0:00:14]} 29. g4 {[%emt 0:03:03]} Qb7 {[%emt 0:01:59]} 30. h4 {[%emt 0:03:44]} Qd5 {[%emt 0:04:49]} 31. h5 {[%emt 0:01:13]} Rcb8 {[%emt 0:00:24]} 32. hxg6 {[%emt 0:00:52]} hxg6 {[%emt 0:00:13]} 33. Ng5 {[%emt 0:01:50] [#]} (33. e6 $11) 33... Be7 $11 {[%emt 0:03:07]} (33... Rb1 $1 $17 34. Kh2 Rxc1 35. Rxc1 Rb3) 34. f4 {[%emt 0:02:28]} Qg2# {[%emt 0:00:09]} 0-1

[Event "XVII Profigaia Open 2017"]
[Site "Gaia"]
[Date "2017.06.15"]
[Round "2"]
[White "Silva, Pedro Gil Ferreira "]
[Black "Paiva, Rodrigo Garcia"]
[Result "1-0"]
[WhiteElo "1592"]
[BlackElo "1075"]
[Annotator "NA"]
[PlyCount "59"]
[EventDate "2017.??.??"]
[EventType "swiss"]
[EventCountry "POR"]
[SourceTitle "playchess.com"]
[Source "ChessBase"]
[SourceQuality "1"]
[TimeControl "5400+30"]

1. e4 {[%emt 0:00:00]} e5 {[%emt 0:00:25]} 2. Nf3 {[%emt 0:00:00]} Nc6 {[%emt 0:00:01]} 3. Bc4 {[%emt 0:01:57]} Bc5 {[%emt 0:00:36]} 4. c3 {[%emt 0:02:08]} Nf6 {[%emt 0:00:49]} 5. d3 {[%emt 0:02:08]} d6 {[%emt 0:00:48]} 6. Nbd2 {[%emt 0:01:19]} Bd7 {[%emt 0:01:21]} 7. Bb3 {[%emt 0:03:47]} O-O {[%emt 0:01:20]} 8. O-O {[%emt 0:00:11]} Qe7 {[%emt 0:01:39]} 9. Re1 {[%emt 0:03:58]} h6 {[%emt 0:02:54]} 10. h3 {[%emt 0:01:12]} b5 {[%emt 0:01:18]} 11. Nf1 {[%emt 0:01:55]} a5 {[%emt 0:03:12]} 12. a4 {[%emt 0:01:10]} b4 {[%emt 0:01:11]} 13. Be3 {[%emt 0:02:07]} Bb6 {[%emt 0:03:47]} 14. Ng3 {[%emt 0:02:23]} Be6 {[%emt 0:01:07]} 15. d4 {[%emt 0:06:51]} exd4 {[%emt 0:05:05]} 16. Nxd4 {[%emt 0:00:11]} Nxd4 {[%emt 0:01:10]} 17. Bxd4 {[%emt 0:00:19]} c5 {[%emt 0:01:34]} 18. Be3 {[%emt 0:07:11]} Bxb3 {[%emt 0:01:18]} 19. Qxb3 {[%emt 0:00:41]} c4 {[%emt 0:00:12]} 20. Qxc4 {[%emt 0:01:53]} Bxe3 {[%emt 0:01:00]} 21. Rxe3 {[%emt 0:00:06]} Rab8 {[%emt 0:00:37]} 22. Qd3 {[%emt 0:00:51]} bxc3 {[%emt 0:02:49]} 23. bxc3 {[%emt 0:00:38]} Rfc8 {[%emt 0:01:57]} 24. Nf5 {[%emt 0:02:25]} Qe5 {[%emt 0:04:50]} 25. Qxd6 {[%emt 0:01:44]} Qxd6 {[%emt 0:00:23]} 26. Nxd6 {[%emt 0:00:07]} Rc6 {[%emt 0:00:14]} 27. Nb5 {[%emt 0:00:11]} Re8 {[%emt 0:01:47]} 28. f3 {[%emt 0:00:19]} g5 {[%emt 0:02:24]} 29. Rd3 {[%emt 0:03:28]} Kg7 {[%emt 0:02:00]} 30. Rb1 {[%emt 0:00:47]} 1-0

[Event "XVII Profigaia Open 2017"]
[Site "Gaia"]
[Date "2017.06.15"]
[Round "2"]
[White "Marinho, Antonio Pedro"]
[Black "De Sousa Da Silva, Armando"]
[Result "1/2-1/2"]
[WhiteElo "1574"]
[BlackElo "1926"]
[Annotator "NA"]
[PlyCount "94"]
[EventDate "2017.??.??"]
[EventType "swiss"]
[EventCountry "POR"]
[SourceTitle "playchess.com"]
[Source "ChessBase"]
[SourceQuality "1"]
[TimeControl "5400+30"]

1. e4 {[%emt 0:00:00]} c5 {[%emt 0:00:13]} 2. Nc3 {[%emt 0:00:00]} a6 {[%emt 0:00:18]} 3. g3 {[%emt 0:00:18]} b5 {[%emt 0:00:24]} 4. Bg2 {[%emt 0:01:04]} Bb7 {[%emt 0:00:06]} 5. d3 {[%emt 0:00:08]} e6 {[%emt 0:02:57]} 6. Be3 {[%emt 0:00:18] B23: Closed Sicilian: Lines without g3} (6. Nh3 b4 7. Ne2 d5 8. e5 Nc6 9. f4 Nh6 10. Nf2 Nf5 11. O-O Qb6 12. c3 Be7 13. g4 Nh4 14. Bh1 {0-1 (35) Yu,Y (2738)-Khismatullin,D (2639) Moscow 2017}) 6... d5 {[%emt 0:02:02] LiveBook: 3 Games} 7. exd5 {[%emt 0:01:40]} exd5 {[%emt 0:00:02] [#]} (7... Nf6 $11 {remains equal.}) 8. Qf3 {[%emt 0:03:46]} (8. Qe2 $1 $16) 8... Nf6 $146 {[%emt 0:03:10]} ({Predecessor:} 8... Ra7 9. Nxd5 Ne7 10. c4 Nxd5 11. cxd5 Nd7 12. Qe4+ Be7 13. Bg5 f6 {½-½ (28) Nguyen,Q-Luong,N Ho Chi Minh City 2001}) 9. Bg5 {[%emt 0:00:26]} Nbd7 {[%emt 0:08:24]} (9... Be7 $1 $11) 10. Nxd5 {[%emt 0:01:19]} Bxd5 {[%emt 0:00:21] [#]} 11. Qxd5 $1 {[%emt 0:00:16]} Qe7+ {[%emt 0:00:18]} 12. Ne2 {[%emt 0:00:20]} Nxd5 {[%emt 0:04:27]} 13. Bxe7 {[%emt 0:00:18]} Bxe7 {[%emt 0:02:10]} 14. Bxd5 {[%emt 0:00:10]} Ra7 {[%emt 0:00:07]} 15. O-O {[%emt 0:00:14]} O-O {[%emt 0:00:13]} 16. Nf4 {[%emt 0:00:34]} Bf6 {[%emt 0:01:34]} 17. c3 {[%emt 0:00:35]} Nb6 {[%emt 0:01:30]} 18. Bg2 {[%emt 0:00:18]} g6 {[%emt 0:00:51]} 19. Rfe1 {[%emt 0:00:11]} Na4 {[%emt 0:02:29]} 20. Rab1 {[%emt 0:01:16]} Rd7 {[%emt 0:08:20]} 21. Re2 {[%emt 0:03:35]} (21. Nd5 $16 Kg7 22. Be4) 21... Rfd8 {[%emt 0:00:43]} 22. c4 {[%emt 0:02:50]} Rd6 {[%emt 0:07:38]} ({Black should play} 22... bxc4 $11 23. dxc4 Rd1+ 24. Rxd1 Rxd1+ 25. Bf1 Bxb2) 23. Nd5 {[%emt 0:01:29]} Kg7 {[%emt 0:03:37]} 24. b4 {[%emt 0:01:45]} bxc4 {[%emt 0:12:05]} 25. dxc4 {[%emt 0:00:21]} cxb4 {[%emt 0:06:59]} 26. Rxb4 {[%emt 0:02:20]} Nc3 {[%emt 0:00:08]} 27. Rc2 {[%emt 0:02:43]} Nxd5 {[%emt 0:00:32]} 28. Bxd5 {[%emt 0:00:08]} Bd4 {[%emt 0:07:14]} 29. Rb7 {[%emt 0:01:28]} R8d7 {[%emt 0:02:42]} 30. Rxd7 {[%emt 0:00:24]} Rxd7 {[%emt 0:00:01]} 31. Kf1 {[%emt 0:01:17]} Bc5 {[%emt 0:04:23]} 32. Rb2 {[%emt 0:00:55]} Rc7 {[%emt 0:01:39]} 33. Rb7 {[%emt 0:00:18]} Rxb7 {[%emt 0:00:26]} 34. Bxb7 {[%emt 0:00:33]} a5 {[%emt 0:00:01]} 35. Ke2 {[%emt 0:00:16]} f5 {[%emt 0:05:01]} 36. f3 {[%emt 0:00:25]} Kf6 {[%emt 0:00:37]} 37. Kd3 {[%emt 0:00:18]} g5 {[%emt 0:02:50]} 38. h3 {[%emt 0:00:29]} Ke5 {[%emt 0:01:12]} 39. Bc6 {[%emt 0:00:53]} Bf2 {[%emt 0:00:59]} 40. g4 {[%emt 0:00:24]} f4 {[%emt 0:01:15]} 41. Kc3 {[%emt 0:00:29]} h6 {[%emt 0:00:50]} 42. Kb3 {[%emt 0:00:15]} Kd6 {[%emt 0:00:09]} 43. Bd5 {[%emt 0:00:18]} Be1 {[%emt 0:00:51]} 44. Kc2 {[%emt 0:03:46]} Ke5 {[%emt 0:00:19]} 45. Be4 {[%emt 0:00:25]} Kd4 {[%emt 0:00:37]} 46. Kb3 {[%emt 0:00:34]} Bd2 {[%emt 0:00:18]} 47. Kc2 {[%emt 0:01:02]} Be1 $11 {[%emt 0:00:11] Kd3+ Kd5 Kd4+} 1/2-1/2

[Event "XVII Profigaia Open 2017"]
[Site "Gaia"]
[Date "2017.06.15"]
[Round "2"]
[White "Sismeiro, Miguel"]
[Black "Duarte, Duarte"]
[Result "0-1"]
[WhiteElo "1528"]
[BlackElo "1916"]
[Annotator "NA"]
[PlyCount "68"]
[EventDate "2017.??.??"]
[EventType "swiss"]
[EventCountry "POR"]
[SourceTitle "playchess.com"]
[Source "ChessBase"]
[SourceQuality "1"]
[TimeControl "5400+30"]

1. e4 {[%emt 0:02:09]} c5 {[%emt 0:00:52]} 2. Nf3 {[%emt 0:00:30]} e6 {[%emt 0:00:30]} 3. d4 {[%emt 0:00:30]} cxd4 {[%emt 0:00:30]} 4. Nxd4 {[%emt 0:00:30]} a6 {[%emt 0:00:30]} 5. Nc3 {[%emt 0:00:30]} Qc7 {[%emt 0:00:00]} 6. Be2 {[%emt 0:00:01]} b5 {[%emt 0:00:00]} 7. O-O {[%emt 0:00:30]} Bb7 {[%emt 0:01:08]} 8. Bf3 {[%emt 0:03:15]} Bc5 {[%emt 0:07:51] B43: Sicilian: Kan Variation: 5 Nc3} (8... d6 9. Re1 Nd7 10. g3 Ngf6 11. Bg2 Be7 12. a3 O-O 13. g4 Nb6 14. g5 Nfd7 15. f4 Rfe8 16. f5 Bf8 17. fxe6 fxe6 {1-0 (36) Onischuk,V (2612)-Hou,Y (2671) Bastia 2015}) 9. Nb3 {[%emt 0:04:15]} Bd6 $146 {[%emt 0:08:20]} ({Predecessor:} 9... Bb6 10. Qe2 Ne7 11. Be3 Bxe3 12. Qxe3 O-O 13. Rad1 Ng6 14. Nc5 Bc6 15. Nd3 d6 16. Bh5 {1-0 (51) Fuskova,M (1969)-Bashaer,K (1630) Al Ain 2013}) 10. h3 {[%emt 0:12:33]} Ne7 {[%emt 0:02:25]} 11. Be3 {[%emt 0:02:42]} (11. Na5 $5 {[%cal Ra5b7]} Bh2+ 12. Kh1 $11) 11... O-O {[%emt 0:02:41]} 12. Bd4 {[%emt 0:06:38]} (12. Qd2 $11 {remains equal.}) 12... Nbc6 {[%emt 0:01:10]} 13. Nc5 $2 {[%emt 0:01:31]} (13. Bc5 $17 {is a better chance.} Bh2+ 14. Kh1) 13... Nxd4 {[%emt 0:01:18]} 14. Nxb7 {[%emt 0:00:31]} Nxf3+ {[%emt 0:00:17]} 15. Qxf3 {[%emt 0:00:06]} Qxb7 {[%emt 0:00:13]} 16. Rad1 {[%emt 0:00:16]} Be5 {[%emt 0:00:43]} 17. Rd3 {[%emt 0:00:50]} Bxc3 {[%emt 0:07:04]} 18. Rxc3 {[%emt 0:00:12]} Rac8 {[%emt 0:00:13]} 19. Rd1 {[%emt 0:00:06]} Rxc3 {[%emt 0:02:30]} 20. Qxc3 {[%emt 0:00:06]} d5 {[%emt 0:02:22]} 21. exd5 {[%emt 0:00:21]} Nxd5 {[%emt 0:00:16]} 22. Qe5 {[%emt 0:00:30]} h6 {[%emt 0:00:58]} 23. Rd3 {[%emt 0:01:13]} Qb8 24. Qd4 {[%emt 0:00:12]} Rc8 {[%emt 0:06:09]} 25. Rg3 {[%emt 0:00:27]} g6 {[%emt 0:00:37]} 26. c3 {[%emt 0:01:01]} Nf4 {[%emt 0:06:56]} 27. Qe3 {[%emt 0:00:28]} Rd8 {[%emt 0:00:11]} 28. Rf3 {[%emt 0:00:40]} Rd1+ {[%emt 0:00:23]} 29. Kh2 {[%emt 0:00:06]} Nd5+ {[%emt 0:00:08]} 30. Rg3 {[%emt 0:00:06]} Nxe3 {[%emt 0:00:10]} 31. fxe3 {[%emt 0:00:30]} Re1 {[%emt 0:00:30]} 32. h4 {[%emt 0:00:11]} Rxe3 {[%emt 0:00:08]} 33. Kg1 {[%emt 0:01:00]} Qxg3 {[%emt 0:00:10]} 34. a4 {[%emt 0:00:05]} Re1# 0-1